| 000 | 00000nam##2200000za#4500 |
| 001 | 9.576509 |
| 003 | CaOODSP |
| 005 | 20210624185155 |
| 007 | cr ||||||||||| |
| 008 | 150406|1984||||xxc|||||o f|0| 0 eng|d |
| 040 | |aCaOODSP|beng |
| 043 | |an-cn--- |
| 086 | 1 |aFs97-13/456E-PDF |
| 110 | 1 |aCanada. |bDepartment of Fisheries and Oceans. |
| 245 | 10|aCatalogue of salmon streams and spawning escapements of Sub - Districts 120 And 130 (Alsek - Stikine - Taku Watersheds) / |h[electronic resource]|cby N.L. Venables ... [et al.] |
| 260 | |aVancouver - British Columbia : |bFisheries and Oceans Canada |c1984. |
| 300 | |a254p.|bfigs., references |
| 490 | 1 |aCanadian data report of fisheries and aquatic sciences|vNo. 456 |
| 500 | |aOn t.p.: Enhancement Services Branch, Vancouver, B.C. Catalogue number of the print edition appears in the PDF version. |
| 546 | |a(Résumé en français) |
| 590 | |a13-14-Supp|b2013-05-30 |
| 720 | 1 |aMarshall, D. E. |
| 720 | 1 |aHancock, M. J. |
| 830 | #0|aCanadian data report of fisheries and aquatic sciences ;|vNo. 456|w(CaOODSP)9.505124 |
| 856 | 40|ahttp://publications.gc.ca|qPDF|s20,871 KB|uhttps://publications.gc.ca/collections/collection_2013/mpo-dfo/Fs97-13-456-eng.pdf|yNo. 456 |